Responses for Jeopardy! Masters game #5 - Wednesday, May 10, 2023

2023 Jeopardy! Masters quarterfinal game 5.

Contestants

[<< previous game]

Sam Buttrey, an associate professor at the Naval Postgraduate School from Pacific Grove, California

Amy Schneider, a writer from Oakland, California

James Holzhauer, a self-described game show villain from Las Vegas, Nevada

[next game >>]

Jeopardy! Round responses

WIVES OF THE NOT YET PRESIDENTS
EPONYMOUS TELEVISION
A SHAKESPEARE PLAY IN A FEW WORDS
DEALING WITH THE GOVERNMENT
CHAT G-P-T
(Ken: All responses will begin with the letter G and then contain a "P" and a "T" in that order.)
MASTERING PASTRY WITH DOMINIQUE ANSEL
(Dominique Ansel: I'm Dominique Ansel. Since I was a kid in France, I've loved the precision of pastry, and I'll bring you clues about some of the classics from my New York City bakery.)
    200 25
Mamie

Sam
    200 11
Grey's Anatomy

Sam
    200 30
Macbeth

James
    200 21
the Secret Service

Amy
    200 16
grapefruit

James
    200 28
cheese straws

Sam
    400 24
(Amy: Who is Teddy Roosevelt?)

Arthur

AmySam
    400 10
Laverne & Shirley

Sam
    400 29
(Amy: [Selecting the last clue] Uh, bringeth it.)

Twelfth Night

Amy
    400 20
Interior

James
    400 15
grumpiest (cat)

James
    400 27
(James: What is "mill-FUEL"?)
(Ken: Eh, "mill-FOO-ee", we'll take it.)
(James: [Dismissively] Ah! French!)

mille-feuille

James
    600 23
Jane Wyman

James
    600 9
(Ken: Yes, "Don't mention the war.")

Fawlty Towers

James
    2,800 6
(James: So, in Vegas I can ask the manager if you can raise the limits for me. Can we try that?)

Antony and Cleopatra

James
    600 19
Rehnquist

James
    600 14
graphite

Sam
    600 26
(Ken: Yes, today is actually the exact tenth birthday of the [*].)
(James: Cool. $400 PASTRY.)
[Laughter]
(Ken: Scathing review.)

a cronut

James
    800 22
(Sam: ...Who is [*]?)
(Ken: That's correct.)
(Sam: Huh.)

Wilson

Sam
    800 8
Archie Bunker's Place

Sam
    800 5
The Tempest

James
    800 18
Gracie Mansion

Sam
    800 13
Gulfport

Amy
    800 17
baklava

Sam
    1000 1
(Ken: Now if you at home don't want to know where the Daily Double is in this round, avert your eyes at all costs! [Beep boop] There we go.)

Jefferson

James
    1000 7
Anne with an E

Amy
    1000 2
Love's Labour's Lost

Amy
    1000 4
Delaware

Amy
    1000 12
gyrocopters

James
    1000 3
croquembouche

James

Scores at the end of the Jeopardy! Round:

James Amy Sam
10,600 4,000 5,200

Double Jeopardy! Round responses

YOU BUG ME
(Ken: Not you, James.)
CLASSICAL MUSIC CLASSICS
TOUGH MOVIE STUFF
DON'T CONFUSE THE TWO
NATIONAL FOUNDERS
GOOD NAME FOR A BREAKFAST CEREAL?
    400 26
a termite

James
    400 24
the Grand Canyon

James
    400 23
Red Dawn

James
    400 29
(James: [Selecting the last clue] Bring it!)

Yogi Bear & Yogi Berra

James
    400 27
Japan

Amy
    400 30
crunches

Amy
    800 25
praying mantis

James
    19,000 18
(James: His name is not French. That was excellent.)

Sibelius

James
    800 22
It Happened One Night

James
    800 28
(Ken: The [**] so often confused with Australian producer [*].)
[Laughter]

Reg Grundy & Rio Grande

Triple Stumper
    800 6
Bangladesh

James
    800 17
(James: What is "HAWT kwa-ZEEN"?)
(Ken: Yeah. "OAT kwa-ZEEN", I think it is, maybe the...)
(James: [Overlapping] "OAT kwa"--no, no more French, no more French.)

haute cuisine

James
    1200 12
milkweed

Amy
    1200 9
dreaming

Sam
    1200 21
(Amy: Who is... uh, Superfly?)

Dolomite

AmySam
    1200 1
(Ken: There are two Daily Doubles in this round, of course. If you don't want to know where they are, look down at your lap and twiddle your thumbs right now. [Beep boop])

legalese & Sinhalese

James
    1200 3
the Althing

Sam
    1200 16
lucky stars

Amy
    7,000 11
formic acid

Sam
    1600 7
(Sam: ...Who is [*]?)
(Ken: [*] is right.)
(Sam: Huh.)

Mahler

Sam
    1600 20
(Ken: Somebody's been studying his old movies, yes.)
(James: No.)

Rebel Without a Cause, Giant & East of Eden

James
    1600 13
corundum & conundrum

Sam
    1600 2
Ghana

James
    1600 15
grackle

Sam
    2000 10
waggle

Sam
    2000 8
Carmina Burana

James
    2000 19
(Sam: Who is Steve McQueen?)

Charles Bronson

JamesSam
    2000 5
(Ken: Yes, but which is which?)

germanium & geranium

James
    2000 4
(Ken: How soon we forget Józef [*]. Ah, I didn't know it either.)
[Laughter]

Piłsudski

Triple Stumper
    2000 14
Procrustes

Amy

Scores at the end of the Double Jeopardy! Round:

James Amy Sam
44,800 8,000 20,600
(lock game)

[wagering suggestions for these scores]

Final Jeopardy! Round responses

THE FIRST MILLENNIUM
(Ken: Cast your minds all the way back. That--that's old even for you, Sam.)
(Ken: [To Amy] By the 4th century, the center of power had moved east. Diocletian was governing from what's today Turkey.)
AmyWhat is Rome?
1,121
SamWhat is Constantinople?
0
JamesWhat is Byzantium
119
Rome

Final scores:

James Amy Sam
44,681 9,121 20,600
Winner: 6 match points 3rd place: 2 match points 2nd place: 2 match points

Game dynamics:

Coryat scores:

James Amy Sam
24,400 8,000 15,200
29 R
(including 2 DDs),
0 W
11 R,
2 W
18 R
(including 1 DD),
1 W

Combined Coryat: 47,600

[game clues] [game scores] [suggest correction]

Game tape date: 2023-03-14
The J! Archive is created by fans, for fans. Scraping, republication, monetization, and malicious use prohibited; this site may use cookies and collect identifying information. See terms. The Jeopardy! game show and all elements thereof, including but not limited to copyright and trademark thereto, are the property of Jeopardy Productions, Inc. and are protected under law. This website is not affiliated with, sponsored by, or operated by Jeopardy Productions, Inc. Join the discussion at JBoard.tv.